Pomôž si človeče, aj štrukturálne fondy ti pomôžu

Bibliographic Details
Main Author: Gallik, Martin (Author)
Format: Article
Language:Slovak
Subjects:

MARC

LEADER 00000nab a2200000 ar4500
001 vtls009325746
003 SK-MaSNL
005 20260304230720.0
008 080825c2008 xo wr|p|||||||000 b|slo
038 |a PPPK 
040 |a PPPKCL  |b slo  |c PPPKCL  |e AACR2 
041 0 |a slo 
044 |a xo  |c SK 
080 |a 627.4  |2 2001 
080 |a 614.2  |2 2001 
080 |a 339.926  |2 2001 
080 |a 316.64  |2 2001 
100 1 |a Gallik, Martin  |4 aut  |9 405931 
245 1 0 |a Pomôž si človeče, aj štrukturálne fondy ti pomôžu  |c Ing. Martin Gallik, riaditeľ RRA Tatry - Spiš 
610 2 7 |a Regionálna rozvojová agentúra Tatry-Spiš (Kežmarok, Slovensko)  |2 pppkcl  |9 261300 
650 0 7 |a protipovodňová ochrana  |2 pppkcl  |9 68729 
650 0 7 |a zdravotníctvo  |2 pppkcl  |9 1269 
650 0 7 |a štrukturálne fondy  |2 pppkcl  |9 4193 
650 0 7 |a názory a postoje  |2 pppkcl  |9 4303 
651 7 |a Slovensko  |x štrukturálne fondy  |2 pppkcl  |9 1563858 
773 0 |t Podtatranské noviny  |g Roč. IL, č. 33 (2008), s. 9 
852 |a PPPK  |b KIS3GCP 
958 |a MI 
999 |c 3184521  |d 3186451